000 00302nam a22001217a 4500
008 181102b xxu||||| |||| 00| 0 eng d
041 _aeng
080 _a316
100 _a50
101 _aSOC
245 _aMediation And Conflict In Social Work And Human Services
_cKruk.E
942 _2udc
_cBK
999 _c51694
_d51694